|
|
|
|
| LEADER |
01559nam a2200277 a 4500 |
| 001 |
GR-Patra32254 |
| 008 |
100504s2010 enk g 000 b eng d |
| 020 |
|
|
|z 9781856696
|
| 044 |
|
|
|b en
|
| 082 |
|
0 |
|a 728.370222
|2 22
|
| 100 |
1 |
|
|a McLeod, Virginia
|
| 245 |
1 |
0 |
|a Encyclopedia of detail in contemporary residential architecture /
|c Virginia McLeod.
|
| 260 |
|
|
|a London :
|b Laurence King,
|c c2010
|
| 300 |
|
|
|a 352 σ. :
|b έγχρ. εικ., plans ;
|c 30 εκ. +
|e 1 CD-ROM
|
| 538 |
|
|
|a Accompanying CD-ROM system requirements:
|
| 538 |
|
|
|a System requirements for accompanying CD-ROM: IBM PC or Macintosh; drawings are supplied in two versions: files with the suffix ".eps" are 'vector' Illustrator EPS files but can be opened using other graphics programs such as Photoshop; files with the suffix ".dwg" are generic CAD format files and can be opened in a variety of CAD programs.
|
| 650 |
|
0 |
|a Architect-designed houses
|
| 650 |
|
0 |
|a Architectural drawing
|y 21st century
|
| 650 |
|
0 |
|a Architecture
|x Details
|
| 650 |
|
0 |
|a Architecture, Domestic
|
| 710 |
0 |
|
|a Laurence king
|
| 942 |
|
|
|2 ddc
|
| 952 |
|
|
|0 0
|1 0
|2 ddc
|4 0
|6 728_370222000000000_MCL
|7 1
|9 313952
|a LISK
|b LISK
|c BSC
|d 2021-01-17
|e 24
|f 0
|g 0.00
|l 0
|o 728.370222 MCL
|p 92410051751
|r 2021-01-17 00:00:00
|t 1
|w 2021-01-17
|y BKN
|x 20120912 0 0
|x GrPaTEI
|
| 952 |
|
|
|0 0
|1 0
|2 ddc
|4 0
|6 728_370222000000000_MCL
|7 1
|9 313953
|a LISK
|b LISK
|c BSC
|d 2021-01-17
|e 24
|f 0
|g 0.00
|l 0
|o 728.370222 MCL
|p 92410051752
|r 2021-01-17 00:00:00
|t 1
|w 2021-01-17
|y BKN
|x 20120912 0 0
|x GrPaTEI
|
| 971 |
|
|
|a .b26798268
|b 15-04-20
|c 26-09-16
|
| 999 |
|
|
|c 179590
|d 179590
|